000
00336nam a22001457a 4500
008
210517b ||||| |||| 00| 0 eng d
020
_a
015845244
041
_a
eng
080
_a
316
082
_a
316
100
_a
50
101
_a
SOC
245
_a
Human Development Fundamental Relationships
_c
Anna B. Anderson
942
_2
udc
_c
BK
999
_c
57366
_d
57366